| 000 | 00509nam a2200145Ia 4500 | ||
|---|---|---|---|
| 008 | 140724s9999 xx 000 0 und d | ||
| 050 |
_aRT 89 _b.C352 2008 |
||
| 100 | _aCastillo, Herleen. | ||
| 245 |
_aSituational stressors on coping mechanisms of postpartum mothers at Ospital ng Muntinlupa / _cHerleen Castillo. |
||
| 260 |
_aLas PiƱas, Philippines : _bSouthville International School and Colleges, _cc2008. |
||
| 300 |
_a101 p. : _bill. ; _c28 cm. |
||
| 521 | _aNursing | ||
| 942 | _cTH | ||
| 999 |
_c228675 _d228675 |
||